| 000 | 00662nam a22002297a 4500 | ||
|---|---|---|---|
| 999 |
_c6764 _d6764 |
||
| 001 | 6764 | ||
| 003 | BD-JhCC | ||
| 005 | 20180130162638.0 | ||
| 008 | 180129b xxu||||| |||| 00| 0 eng d | ||
| 020 | _a9847180008 | ||
| 035 | _a(BD-JhCC)6764 | ||
| 040 |
_aBD-JhCC _dBD-JhCC |
||
| 041 | _aeng | ||
| 082 |
_a954.92051 _bASS 1999 |
||
| 245 |
_aAssignment Bangladesh ' 71 : _bA chronology of events as seen by the world press / _cComplied by Maudood Elahi |
||
| 260 |
_aDhaka : _bMomin Publications, _c1999. |
||
| 300 |
_a733 p. : _c24 cm. |
||
| 650 |
_aRevolution _vHistory _y1971 _zBangladesh |
||
| 700 | _aElahi, Maudood | ||
| 942 |
_2ddc _cBK |
||